Open Data Biblioteca Nacional de Portugal


República Portuguesa: Ministério da Cultura
Biblioteca Nacional de Portugal

Catálogo da BNP: acesso por Identificadores Unívocos
Registos Bibliográficos associados ao registo de autoridade

Etiqueta de registo: 00722cam 2200205 450
001 549405
003 http://id.bnportugal.gov.pt/bib/catbnp/549405
005 19990103000000.0
095 ## $aPTBN00754295
100 ## $a19950720d1954 m y0pory0103 ba
101 0# $apor
102 ## $aPT
200 1# $aCoplas da revista "Cala o bico!"$erevista em 2 actos e 23 quadros$foriginal de Amadeu do Vale... [et. al.]$gmúsica de Fernando de Carvalho, João Nobre e Tavares Bello
210 #9 $aLisboa$cImpério,$d1954
215 ## $a15 p.$d22 cm
701 #1 $aSantos,$bAmadeu Augusto dos,$f1898-1963$4070$350728
702 #1 $aCarvalho,$bFernando de,$f1913-1967$4030$389332
702 #1 $aBelo,$bTavares,$f1911-1993$4030$312489
702 #1 $aNobre,$bJoão,$f1916-2002$4030$3103870
801 #0 $aPT$bBN$gRPC
966 ## $lBN$mFGMON$sL. 42817//3 P.
997 ## $aBIBEOD

Etiqueta de registo: 00552cam 02200193 04500
001 267000
003 http://id.bnportugal.gov.pt/bib/catbnp/267000
005 19981207000300.0
095 ## $aPTBN00277678
100 ## $a19620301d1962 m y0pora0103 ba
101 0# $apor
102 ## $aPT
105 ## $ag z 000yy
106 ## $ar
200 1# $aNão jures, que mentes$bMúsica impressa]$fArmando Tavares Belo$gletra de Amadeu do Vale
210 #9 $aLisboa$cRobbialac,$d1962
215 ## $aPartitura (2 p.)$d30 cm
307 ## $aFotografia de Maria Pereira no recto da capa: Criação de Maria Pereira
500 10 $aCanções :$iQuem já não gosta, mas jura que não deixou de gostar ;$rV. pf
606 ## $aCanções$j[Música impressa]$2SIPOR$31284980
606 ## $aMúsica para canto e piano$zSéc. 20$j[Música impressa]$2SIPOR$3947956
675 ## $a78.089.6$vmed$zpor$3536969
675 ## $a784.7$vBN$zpor$3431921
675 ## $a784:786.2$vBN$zpor$3519118
700 #1 $aBelo,$bTavares,$f1911-1993$312489
702 #1 $aSantos,$bAmadeu Augusto dos,$f1898-1963$4520$350728
801 #0 $aPT$bBN$gRPC
966 ## $lBN$mMUSICA$sM.P. 1238 V.$x1
997 ## $aBIBEOD

Etiqueta de registo: 00567cam 022002051 04500
001 91761
003 http://id.bnportugal.gov.pt/bib/catbnp/91761
005 19990421172900.0
095 ## $aPTBN00095361
100 ## $a19600801d1960 m y0pora0103 ba
101 0# $apor
102 ## $aPT
200 1# $aSiga a marcha$fArmando Tavares Belo$gletra de Joäo da Silva Tavares
210 #9 $aLisboa$cRobialac,$d1960
215 ## $a2 f.$d29 cm
675 ## $a78$vmed$zpor$3288149
700 #1 $aBelo,$bTavares,$f1911-1993$312489
702 #1 $aTavares,$bSilva,$f1893-1964$4520$3787420
801 #0 $aPT$bBN$gRPC
966 ## $lBN$mMUSICA$sM.P. 1134 V.$x1
997 ## $aBIBEOD
998 ## $aCR316 - 00438

Etiqueta de registo: 00995ccm 2200325 450
001 733153
003 http://id.bnportugal.gov.pt/bib/catbnp/733153
005 20030121142400.0
095 ## $aPTBN00520376
100 ## $a19931124d1953 m y0pory01030103ba
101 0# $apor
102 ## $aPT
105 ## $agca z 000yy
106 ## $ar
125 ## $acy
128 ## $aai
200 1# $aFeiticeiro do amor$bMúsica impressa]$bbolero$fversos de Belo Marques, música de Tavares Belo$gcriação de Moniz Trindade
210 #9 $aLisboa$cSassetti,$d [D.L. 1953]
215 ## $aPartitura (4 p.)$cil., capa$d31 cm
301 ## $aN.º chapa: C.C. 1204
307 ## $aCapa ilustrada (assin. R.). Retrato de Moniz Trindade
317 ## $aProv. Conservatório Nacional$5PTBN: C.N. 2881 A.
500 10 $aBoleros,$rV, pf,$uLá ¬ Maior
606 ## $aMúsica para canto e piano$zSéc. 20$j[Música impressa]$2SIPOR$3947956
675 ## $a784.7$vBN$zpor$3431921
675 ## $a784:786.2$vBN$zpor$3519118
675 ## $a78.089.6$vBN$zpor$3536969
700 #1 $aBelo,$bTavares,$f1911-1993$312489
702 #1 $aMarques,$bBelo,$f1898-1987$4520$382463
702 #1 $92$aR.,$f[fl. 1946-1962]$4140$31540818
702 #1 $aTrindade,$bMoniz,$f1923-$4721$3971963
712 02 $aSassetti & C.ª$c(Editor de música)$4650$315957
712 01 $aPortugal.$bConservatório Nacional.$bEscola de Música$4390$31172174
801 #0 $aPT$bBN$gRPC
966 ## $lBN$mMUSICA$sC.N. 2881 A.$x6
966 ## $lBN$mMUSICA$sM.P. 2799 A.$x1
998 ## $aCI268-33

Etiqueta de registo: 00833cam 2200229 450
001 552738
003 http://id.bnportugal.gov.pt/bib/catbnp/552738
005 19990103000000.0
095 ## $aPTBN00757668
100 ## $a19950801d1953 m y0pory0103 ba
101 0# $apor
102 ## $aPT
200 1# $aCoplas da revista saias curtas$erevista em 2 actos e 28 quadros$foriginal de Amadeu do Vale, Carlos Lopes e Rui Martins$gmúsica de Fernando de Carvalho, Tavares Belo e Melo Júnior
210 #9 $aLisboa$cImpério,$d1953
215 ## $a12 p.$d22 cm
700 #1 $aSantos,$bAmadeu Augusto dos,$f1898-1963$350728
701 #1 $aLopes,$bCarlos,$ffl. 1914-1940$4070$389331
701 #1 $93$aMartins,$bRui$4070$3287856
702 #1 $aCarvalho,$bFernando de,$f1913-1967$4030$389332
702 #1 $aBelo,$bTavares,$f1911-1993$4030$312489
702 #1 $aMelo Júnior,$bSebastião Ferrão de,$ffl. 193--195-$4030$3138364
801 #0 $aPT$bBN$gRPC
966 ## $lBN$mFGMON$sL. 43110//4 P.

Etiqueta de registo: 00737ccm 02200241 04500
001 99997
003 http://id.bnportugal.gov.pt/bib/catbnp/99997
005 20000207105500.0
095 ## $aPTBN00104001
100 ## $a19600701d1960 m y0pora0103 ba
101 0# $apor
102 ## $aPT
105 ## $aga z 000yy
106 ## $ar
200 1# $aA mal ou a bem...$bMúsica impressa]$ecanção$eII Festival da canção portuguesa$fmúsica de Tavares Belo, versos de Silva Tavares
210 #9 $aLisboa$cSassetti,$d [D.L. 1960]
215 ## $aPartitura (2 p.)$cil., capa$d32 cm
314 ## $aCanção cantada por Madalena Iglésias
321 ## $aOs reis do vinil: canção portuguesa de 1958-1960. http://www.historia.com.pt/vinyl/txt/1960.htm
321 ## $ahttp://pt.wikipedia.org/wiki/Festival_da_Can%C3%A7%C3%A3o_Portuguesa_1960
501 1# $aCanções,$rV, pf
601 02 $aFestival da Canção Portuguesa$c2,$ePorto,$f1960$2SIPOR$31600664
606 ## $aMúsica para canto e piano$zSéc. 20$j[Música impressa]$2SIPOR$3947956
675 ## $a784.7$vBN$zpor$3431921
675 ## $a784:786.2$vmed$zpor$3519118
675 ## $a78.089.6$vBN$zpor$3536969
700 #1 $aBelo,$bTavares,$f1911-1993$312489
701 #1 $aTavares,$bSilva,$f1893-1964$4520$3787420
702 #1 $aIglésias,$bMadalena,$f1939-2018$4721$31582845
712 02 $aSassetti & C.ª$c(Editor de música)$4650$315957
801 #0 $aPT$bBN$gRPC
966 ## $lBN$mMUSICA$sM.P. 1335 A.$x1
998 ## $aCR324 - 00417

Etiqueta de registo: 00563ccm 022002051 04500
001 349453
003 http://id.bnportugal.gov.pt/bib/catbnp/349453
005 19981229000000.0
095 ## $aPTBN00370305
100 ## $a19920703d1961 m y0pory0103 ba
101 0# $apor
102 ## $aPT
200 1# $aNão sei$bMúsica impressa]$ecanção$fmúsica de Tavares Belo, versos de Anibal Nazaré$g[cantado por] Madalena Iglésias
210 #9 $aLisboa$cSasseti & C.ª,$d cop. 1961
215 ## $aPartitura (2 f.)$d31 cm
307 ## $aCapa ilustrada (assin. P.B.), retrato de Madalena Iglésias
317 ## $aProv. Conservatório Nacional$5PTBN: C.N. 2647 A.
501 1# $aCanções,$rV, pf
606 ## $aMúsica para canto e piano$zSéc. 20$j[Música impressa]$2SIPOR$3947956
675 ## $a784.7$vmed$zpor$3431921
675 ## $a784:786.2$vBN$zpor$3519118
675 ## $a78.089.6$vBN$zpor$3536969
700 #1 $aBelo,$bTavares,$f1911-1993$312489
701 #1 $aNazaré,$bAníbal,$f1908-1975$4520$399744
702 #1 $aIglésias,$bMadalena,$f1939-2018$4721$31582845
702 #1 $92$aP. B.,$ffl. 1961$4140$31582840
712 02 $aSassetti & C.ª$c(Editor de música)$4650$315957
712 01 $aPortugal.$bConservatório Nacional.$bEscola de Música$4390$31172174
801 #0 $aPT$bBN$gRPC
966 ## $lBN$mFGMON$sB.A. 1130 A.
966 ## $lBN$mMUSICA$sC.N. 2647 A.$x6
998 ## $aCR560-399

Etiqueta de registo: 00000ndm 2200025
001 2246206
003 http://id.bnportugal.gov.pt/bib/catbnp/2246206
100 ## $a20260113f19001950k y0pory01030103ba
101 0# $apor
102 ## $aPT
106 ## $ah
200 1# $aCorridinho$bMúsica manuscrita]$eDança Portuguêsa (Algarve)$fA. Tavares Bello
210 #1 $d[Entre 1900 e 1950]
215 ## $a1 partitura (27 p.)$d22 x 30 cm
317 ## $aIPPC, Departamento de Musicologia, Fundo Pavia de Magalhães
500 11 $aDanças,$rorq, pf
675 ## $a78.089.6$vBN$zpor$3536969
700 #1 $aBelo,$bTavares,$f1911-1993$312489
712 01 $aPortugal.$bInstituto Português do Património Cultural.$bDepartamento de Musicologia$4390$3285717
801 #0 $aPT$bBN$gRPC
966 ## $lBN$mMUSICA$sPM 2422$x7
971 ## $cCatmusica3$d20260113
995 ## $aPRR2026 $d20260113$iCatmusica3

Etiqueta de registo: 00000ndm 2200025
001 2289549
003 http://id.bnportugal.gov.pt/bib/catbnp/2289549
100 ## $a20260703d1971 k y0pory01030103ba
101 0# $apor
102 ## $aPT
106 ## $ah
200 1# $aMinho$bMúsica manuscrita]$eBailado
210 #1 $dMarço 1971
215 ## $a1 partitura (63 p.) e 54 partes$d36 x 27 cm$e1 folha do Arquivo Musical do Secretariado Nacional da Informação
300 ## $aAutrógrafo, assinado no final da partitura
306 ## $aData recolhida do final da partitura
317 ## $aIPPC, Departamento de Musicologia, Arquivo dos Bailados Verde Gaio
327 11 $a1. Alvorada Minhota / Tavares Bello ; Orquestração Tavares Bello. p. 1-30$a2. Vira / A. Rey Colaço ; Orquestração Tavares Bello. p. 30-40$a3. Barcarola / J. Viana da Mota ; Orquestração Tavares Bello. p. 41-44$a4. Vito / J. Viana da Mota ; Orq. Fernandes Fão. p. 44-63
500 11 $aBailados,$rorq ;$warr.
606 ## $aBailados$zSéc. 20$j[Música manuscrita]$2SIPOR$31886506
675 ## $a78.089.6$vBN$zpor$3536969
700 #1 $aBelo,$bTavares,$f1911-1993$312489
701 #1 $aMota,$bJosé Viana da,$f1868-1948$4230$385991
701 #1 $aColaço,$bAlexandre Rey,$f1854-1928$4230$3105796
701 #1 $aFão,$bArtur,$f1894-1963$4030$3123681
712 02 $aPortugal.$bBailados Portugueses Verde Gaio$4390$31156057
712 01 $aPortugal.$bInstituto Português do Património Cultural.$bDepartamento de Musicologia$4390$3285717
801 #0 $aPT$bBN$gRPC
971 ## $cCatmusica8$d20260703

Etiqueta de registo: 00000ndm 2200025
001 2289535
003 http://id.bnportugal.gov.pt/bib/catbnp/2289535
100 ## $a20260703d1967 k y0pory01030103ba
101 0# $apor
102 ## $aPT
106 ## $ah
200 1# $aAlgarve$bMúsica manuscrita]$eBailado$fMusica Fernando Carvalho$gIntru. de Tavares Bello e Fernando Carvalho
210 #1 $dAbril 1967
215 ## $a1 partitura (29 p.) e 27 partes$d31 x 23 cm
300 ## $aAutógrafo, assinado no final da partitura
306 ## $aData recolhida do final da partitura
317 ## $aIPPC, Departamento de Musicologia, Arquivo dos Bailados Verde Gaio
500 11 $aBailados,$rorq ;$warr.
606 ## $aBailados$zSéc. 20$j[Música manuscrita]$2SIPOR$31886506
675 ## $a78.089.6$vBN$zpor$3536969
700 #1 $aCarvalho,$bFernando de,$f1913-1967$389332
701 #1 $aBelo,$bTavares,$f1911-1993$4030$312489
712 02 $aPortugal.$bBailados Portugueses Verde Gaio$4390$31156057
712 01 $aPortugal.$bInstituto Português do Património Cultural.$bDepartamento de Musicologia$4390$3285717
801 #0 $aPT$bBN$gRPC
971 ## $cCatmusica8$d20260703

Etiqueta de registo: 00000ndm 2200025
001 2289519
003 http://id.bnportugal.gov.pt/bib/catbnp/2289519
100 ## $a20260703d1967 k y0pory01030103ba
101 0# $apor
102 ## $aPT
106 ## $ah
200 1# $aMinho$bMúsica manuscrita]$eBailado
210 #1 $dAbril 1967
215 ## $a1 partitura (44 p.) e 26 partes$d31 x 23 cm$e1 folha do Arquivo Musical do Secretariado Nacional da Informação
300 ## $aAutógrafo, assinatura do arranjador no final da partitura
306 ## $aData recolhida do final da partitura
317 ## $aIPPC, Departamento de Musicologia, Arquivo dos Bailados Verde Gaio
327 11 $aVira / A. R. Colaço$aBarcarola / J. V. da Mota$aVito / J. V. da Mota
500 11 $aBailados,$rorq ;$warr.
606 ## $aBailados$zSéc. 20$j[Música manuscrita]$2SIPOR$31886506
675 ## $a78.089.6$vBN$zpor$3536969
700 #1 $aColaço,$bAlexandre Rey,$f1854-1928$3105796
701 #1 $aMota,$bJosé Viana da,$f1868-1948$4230$385991
701 #1 $aBelo,$bTavares,$f1911-1993$4030$312489
712 02 $aPortugal.$bBailados Portugueses Verde Gaio$4390$31156057
712 01 $aPortugal.$bInstituto Português do Património Cultural.$bDepartamento de Musicologia$4390$3285717
801 #0 $aPT$bBN$gRPC
971 ## $cCatmusica8$d20260703

OpendataBNP@bnportugal.pt | Mais informação sobre acesso aos dados BNP